<Le> Manager au quotidien <les> dix rôles du cadre
Guardado en:
| Autor principal: | |
|---|---|
| Otros Autores: | |
| Formato: | Libro |
| Lenguaje: | francés |
| Publicado: |
Paris
Les Éditions d'organisation
1993
|
| Materias: | |
| Etiquetas: |
Sin Etiquetas, Sea el primero en etiquetar este registro!
|
MARC
| LEADER | 00000nam a2200000 4500 | ||
|---|---|---|---|
| 001 | c131162 | ||
| 005 | 20221123104859.2 | ||
| 020 | |a 2-7081-0558-2 | ||
| 041 | 0 | |a fre | |
| 044 | |a FR | ||
| 245 | 1 | 0 | |a <Le> Manager au quotidien |b <les> dix rôles du cadre |c Henry Mintzberg |
| 264 | 1 | |a Paris |b Les Éditions d'organisation |c 1993 | |
| 300 | |a 220 s. | ||
| 610 | 2 | 0 | |a manažéri |
| 610 | 2 | 0 | |a manažment |
| 610 | 2 | 0 | |a zamestnanci |
| 610 | 2 | 0 | |a riadenie |
| 610 | 2 | 0 | |a rozvrhovanie práce |
| 100 | 1 | |a Mintzberg, Henry | |
| 700 | 1 | |a Romelaer, Pierre | |